Pays avec une femme cheffe d’État ou de gouvernement - Statistiques

Statistiques générales
  • Ce quiz a été pris 39 fois
  • Le résultat moyen est 5 sur 22
Statistiques - réponses
Pays % Correct
Allemagne
67%
Finlande
58%
Norvège
50%
Danemark
47%
Nouvelle-Zélande
44%
Islande
42%
Estonie
33%
Grèce
31%
Lituanie
25%
Géorgie
14%
Bangladesh
11%
Moldavie
11%
Serbie
11%
Slovaquie
11%
Singapour
8%
Pérou
6%
Barbade
3%
Ethiopie
0%
Gabon
0%
Népal
0%
Togo
0%
Trinité-et-Tobago
0%
Aucun quiz correspondant
Distribution des résultats
% des personnes avec chaque résultat
Percentile par nombre de réponses
Votre historique - résultats
Vous n’avez pas pris ce quiz